How policies to reduce greenhouse gas emissions could affect employment.

Bibliographic Details
Main Author: Arnold, Bruce
Corporate Author: United States. Congressional Budget Office
Format: Government Document eBook
Language:English
Published: [Washington, D.C.] : Congressional Budget Office, [2010]
Series:Economic and budget issue brief.
Subjects:
Online Access:https://purl.fdlp.gov/GPO/LPS122034

MARC

Tag First Indicator Second Indicator Subfields
LEADER 00000cam a2200000 a 4500
001 in00002594875
005 20211202193546.0
006 m d f
007 cr bn|||||||||
008 100506s2010 dcua sb f000 0 eng c
035 |a (OCoLC)ocn612022064 
040 |a GPO  |c GPO  |d MvI  |d UtOrBLW 
042 |a pcc 
043 |a n-us--- 
049 |a WWW 
074 |a 1005-C (online) 
086 0 |a Y 10.2:EM 7/6 
100 1 |a Arnold, Bruce. 
245 1 0 |a How policies to reduce greenhouse gas emissions could affect employment. 
264 1 |a [Washington, D.C.] :  |b Congressional Budget Office,  |c [2010] 
300 |a 1 online resource (11 pages) :  |b illustrations 
336 |a text  |b txt  |2 rdacontent 
337 |a computer  |b c  |2 rdamedia 
338 |a online resource  |b cr  |2 rdacarrier 
490 1 |a Economic and budget issue brief 
500 |a Title from title screen (viewed on May 6, 2010). 
500 |a "May 5, 2010." 
504 |a Includes bibliographical references. 
500 |a Electronic resource. 
650 0 |a Unemployment  |z United States. 
650 0 |a Greenhouse gas mitigation  |x Government policy  |z United States. 
710 1 |a United States.  |b Congressional Budget Office. 
830 0 |a Economic and budget issue brief. 
856 4 0 |u https://purl.fdlp.gov/GPO/LPS122034  |t 0 
999 |a MARS 
999 f f |s 50bb7561-3047-36bd-ba6d-9c20ccb6d9ef  |i 485bbdf8-067f-30c6-a548-0b810efb6169  |t 0 
952 f f |a Texas A&M University  |b College Station  |c Electronic Resources  |d Available Online  |t 0  |e Y 10.2:EM 7/6  |h Superintendent of Documents classification 
998 f f |a Y 10.2:EM 7/6  |t 0  |l Available Online